El marqués de Santa Cruz de Marcenado : (Record no. 40307)

MARC details
000 -LEADER
campo de control de longitud fija 01489nam a2200289 i 4500
001 - NÚMERO DE CONTROL
campo de control 40307
003 - IDENTIFICADOR DE NÚMERO DE CONTROL
campo de control ES-MaACL
005 - FECHA Y HORA DE LA ÚLTIMA TRANSACCIÓN
campo de control 20250826151005.0
007 - CAMPO FIJO DE DESCRIPCIÓN FÍSICA--INFORMACIÓN GENERAL
campo de control de longitud fija t|
008 - DATOS DE LONGITUD FIJA--INFORMACIÓN GENERAL
campo de control de longitud fija 030305s1889 sp ||||1| spa d
080 ## - NÚMERO DE LA CLASIFICACIÓN DECIMAL UNIVERSAL
Número de la Clasificación Decimal Universal 929 Santa Cruz de Marcenado, Álvaro Navia Ossorio, Marqués de
100 1# - ENTRADA PRINCIPAL--NOMBRE DE PERSONA
Nombre de persona Carrasco Labadia, Miguel.
9 (RLIN) 35560
245 13 - MENCIÓN DEL TÍTULO
Título El marqués de Santa Cruz de Marcenado :
Resto del título noticias históricas de su vida, sus escritos y la celebración de su centenario en 1884 /
Mención de responsabilidad, etc. por Don Miguel Carrasco-Labadia ; con un post-scriptum de Don Luis Vidart.
250 ## - MENCION DE EDICION
Mención de edición 2ª ed. refundida, corr. y aum.
260 ## - PUBLICACIÓN, DISTRIBUCIÓN, ETC.
Lugar de publicación, distribución, etc. Madrid :
Nombre del editor, distribuidor, etc. [s.n.],
Fecha de publicación, distribución, etc. 1889 (
Fabricante Imp. y Lit. del Depósito de la Guerra)
300 ## - DESCRIPCIÓN FÍSICA
Extensión XXXI, 584 p., [1] h. de lám. ;
Dimensiones 24 cm.
505 8# - NOTA DE CONTENIDO CON FORMATO
Nota de contenido con formato Referencias al Ateneo de Madrid
530 ## - NOTA DISPONIBLE DE FORMULARIO FÍSICO ADICIONAL
Nota de formato físico adicional disponible Disponible en formato digital.
586 ## - NOTA DE PREMIOS
Nota de premios "Obra premiada en el certamen que, en conmemoración del segundo centenario del nacimiento de aquel ilustre general... se celebró en el Centro del Ejército y Armada... el 19 de diciembre del citado año"
599 ## - NOTA A LAS ILUSTRACIONES
NOTA A LAS ILUSTRACIONES Lám: retr. de Álvaro Navia-Ossorio.
600 17 - PUNTO DE ACCESO ADICIONAL DE MATERIA--NOMBRE DE PERSONA
Nombre de persona Santa Cruz de Marcenado, Alvaro Navia Ossorio,
Títulos y otros términos asociados al nombre Marqués de-
Subdivisión general Biografías
Fuente del encabezamiento o término
9 (RLIN) 132422
700 1# - ENTRADA AGREGADA--NOMBRE PERSONAL
Nombre de persona Vidart, Luis,
Fechas asociadas al nombre 1833-1897
9 (RLIN) 114538
710 1# - ENTRADA AGREGADA--NOMBRE DE ENTIDAD CORPORATIVA
Nombre de entidad corporativa o nombre de jurisdicción como elemento de entrada España.
Unidad subordinada Depósito de la Guerra.
9 (RLIN) 167579
852 ## - LOCALIZACIÓN
Ubicación ES-MaACL
Número de control de estantería B-553
856 ## - LOCALIZACIÓN Y ACCESO ELECTRÓNICOS
Identificador Uniforme de Recursos <a href="http://bdh-rd.bne.es/viewer.vm?id=0000079820&page=1 ">http://bdh-rd.bne.es/viewer.vm?id=0000079820&page=1 </a>
Nota pública Biblioteca Digital Hispánica
Holdings
Estatus retirado Estado de pérdida Estado de daño No para préstamo Colección Biblioteca de origen Biblioteca actual Ubicación en estantería Fecha de adquisición Fuente de adquisición Total de préstamos Signatura topográfica completa Código de barras Visto por última vez Precio de reemplazo Tipo de ítem Koha
        Colección digital Biblioteca del Ateneo de Madrid Biblioteca del Ateneo de Madrid Sala Pardo Bazán 17/01/2008     B-553 1042435 23/02/2023 23/02/2023 Libro impreso antiguo